000 01588nam0a2200325 i 4500
001 RU\NLR\BIBL_A\010649833
005 20240921163106.0
010 _a9785778225329
_940
021 _aRU
_b2014-88617
_95393
035 _a(NLR Aleph) 010649833
090 _a10700216
_c10700216
100 _a20150122d2014 u y0rusy50 ca
101 0 _arus
_aeng
102 _aRU
105 _ay|||g|||001yy
200 1 _aИдеографический словарь англо-американских безэквивалентных словосочетаний
_eсправочник
_fЕ. И. Архипова
_gМ-во образования и науки Рос. Федерации, Новосиб. гос. техн. ун-т, Фак. гуманит. образования
210 _aНовосибирск
_cИзд-во НГТУ
_d2014
215 _a138, [1] с.
_d20
320 _aБиблиогр.: с. 121-123 (42 назв.)
320 _aАлф. указ.: с. 124-137
606 1 _aАнглийский язык
_xИдеографические словари
_92134815
_3RU\NLR\AUTH\661591708
606 1 _aАнглийский язык
_xСловари безэквивалентной лексики
_xРусский язык
_92100232
_3RU\NLR\AUTH\661573873
610 0 _aамериканский вариант английского языка
686 1 _aШ143.21-49
700 1 _aАрхипова
_bЕ. И.
_gЕлена Ивановна
942 _cBOOK
980 _aNBR